000 00435nam a22001457a 4500
003 OSt
005 20250709155909.0
008 250709b |||||||| |||| 00| 0 eng d
040 _cSVYASA
100 _aMishel PMS
_91053
245 _aExploring the potential effect of solanum tuberosum juice (Raw potato) on acute gastritis: A Randomized controlled trial.
260 _aBangaluru
_bSvyasa
_c2025
300 _a38 p.
942 _2ddc
_cD
_n0
999 _c20641
_d20641